[Event "WA  Championship"]
[Site "Seattle"]
[Date "2010.02.13"]
[Round "5"]
[White "Bragg David"]
[Black "Sinanan Joshua"]
[Result "0-1"]
[WhiteElo "2200"]
[BlackElo "2252"]

1.d4 Nf6 2.c4 e6 3.Nc3 Bb4 4.g3 O-O 5.Bg2 d5 6.Nf3 dxc4 7.O-O
Nc6 8.Qa4 Nd7 9.Ne5 Nb6 10.Nxc6 Nxa4 11.Nxd8 Nxc3 12.bxc3 Bxc3
13.Nxb7 Bxa1 14.Ba3 Bxb7 15.Bxb7 Rab8 16.Rxa1 Rxb7 17.Bxf8 Kxf8
18.Rc1 Rb4 19.Kf1 Ke7 20.Rc2 Kd6 21.Ke1 Kd5 22.e3 c5 23.dxc5
Kxc5 24.h4 h5 25.Kd2 Rb6 26.Kc3 Ra6 27.Kd2 Ra3 28.Ke2 e5 29.Kd2
e4 30.Ke2 c3 31.f3 f5 32.fxe4 fxe4 33.Kd1 Kc4 34.Rg2 Kd3 0-1

[Event "WA  Championship"]
[Site "Seattle"]
[Date "2010.02.13"]
[Round "6"]
[White "Chen Howard"]
[Black "Sinanan Joshua"]
[Result "1-0"]
[WhiteElo "2249"]
[BlackElo "2252"]

1.e4 c5 2.Nf3 e6 3.d3 d5 4.Nbd2 Nc6 5.g3 Bd6 6.Bg2 Nge7 7.O-O
O-O 8.Nh4 d4 9.f4 f6 10.Ndf3 Qc7 11.Qe1 Bd7 12.Kh1 h6 13.Bh3
g5 14.Ng2 e5 15.Bxd7 Qxd7 16.fxg5 fxg5 17.Qe2 Qe6 18.Bxg5 hxg5
19.Nxg5 Qg6 20.Qg4 Rxf1+ 21.Rxf1 Rf8 22.Rxf8+ Kxf8 23.Nh4 Qg8
24.Nf5 Nxf5 25.exf5 Qd5+ 26.Ne4 Be7 27.f6 Bxf6 28.Qf3 Qxa2 29.Qxf6+
Qf7 30.Qh6+ Qg7 31.Qe6 Qe7 32.Qc8+ Kg7 33.h4 Nb4 34.Qg4+ Kf8
35.h5 Qf7 36.h6 Qf1+ 37.Kh2 Nxc2 38.Qg7+ Ke8 39.Nf6+ 1-0

[Event "WA  Championship"]
[Site "Seattle"]
[Date "2010.02.07"]
[Round "6"]
[White "Schill William"]
[Black "Greninger Harley"]
[Result "1/2-1/2"]
[WhiteElo "2231"]
[BlackElo "2202"]

1.d4 Nf6 2.c4 g6 3.Nc3 Bg7 4.e4 d6 5.f3 a6 6.Be3 c6 7.Qd2 b5
8.a3 O-O 9.d5 bxc4 10.Bxc4 c5 11.Nge2 Nbd7 12.Nc1 Nb6 13.Be2
a5 14.a4 Ne8 15.O-O Nc7 16.N1a2 Bd7 17.b3 Na6 18.Rac1 Nb4 19.Nb5
Nxa2 20.Qxa2 f5 21.Qd2 1/2-1/2

[Event "WA  Championship"]
[Site "Seattle"]
[Date "2010.02.13"]
[Round "6"]
[White "Collyer Curt"]
[Black "Bragg David"]
[Result "1-0"]
[WhiteElo "2315"]
[BlackElo "2200"]

1.d4 Nf6 2.c4 e6 3.Nc3 d5 4.cxd5 exd5 5.Bg5 c6 6.e3 Bd6 7.Bd3
Nbd7 8.Nge2 Nf8 9.f3 Ne6 10.Bh4 g5 11.Bf2 h5 12.Qd2 h4 13.O-O-O
b5 14.Kb1 b4 15.Na4 Qa5 16.Qc2 Bb7 17.e4 Nd7 18.g3 Rc8 19.Rc1
c5 20.Nxc5 Ndxc5 21.dxc5 Bxc5 22.Bxc5 Rxc5 23.Qd2 g4 24.Nf4 hxg3
25.Nxe6 Rxc1+ 26.Rxc1 gxh2 27.Bb5+ Ke7 28.Qg5+ Kxe6 29.Qf5+ Ke7
30.Qe5+ 1-0

[Event "WA  Championship"]
[Site "Seattle"]
[Date "2010.02.13"]
[Round "6"]
[White "Hadzic Huso"]
[Black "Omori Michael"]
[Result "1-0"]
[WhiteElo "2162"]
[BlackElo "2048"]

1.e4 c5 2.Nf3 e6 3.d4 cxd4 4.Nxd4 Nf6 5.Nc3 Qb6 6.e5 Bc5 7.Be3
Nd5 8.Nxd5 exd5 9.Nf5 Qxb2 10.Nxg7+ Kd8 11.Bg5+ Kc7 12.Bf6 Bb4+
13.Ke2 Nc6 14.Kf3 Nxe5+ 15.Kg3 Qa3+ 16.Bd3 d6 17.h3 Bc3 18.Rb1
Nxd3 19.Rb3 Qxb3 20.cxb3 Bxf6 21.Qxd3 Rg8 22.Rc1+ Kd8 23.Kh2
Rxg7 24.Qxd5 Be7 25.f4 f5 26.Qd4 Rf7 27.Qd5 Rg7 28.Qd4 Rf7 29.Qc4
Ke8 30.Qd5 Bf8 31.Rxc8+ Rxc8 32.Qe6+ Be7 33.Qxc8+ Bd8 34.Qe6+
Be7 35.Kg3 Kf8 36.Kf3 Kg7 37.g4 fxg4+ 38.hxg4 h6 39.f5 Bf6 40.Qxd6
Re7 41.Qd2 b6 42.Qh2 Bg5 43.Qh5 Kf8 44.Qg6 Re3+ 45.Kf2 Rd3 46.Qe6
Rd4 47.Kf3 Rd3+ 48.Ke2 Rd2+ 49.Ke1 Rd8 50.Qc6 Re8+ 51.Kd1 Rd8+
52.Kc2 Rd2+ 53.Kc3 Re2 54.Qa8+ Re8 55.Qxa7 Be3 56.f6 Rc8+ 57.Kd3
Bc5 58.Qd7 Ra8 59.Qg7+ Ke8 60.f7+ Ke7 61.f8Q+ 1-0

[Event "WA  Championship"]
[Site "Seattle"]
[Date "2010.02.13"]
[Round "6"]
[White "Pupols Viktors"]
[Black "Perez Ignacio"]
[Result "0-1"]
[WhiteElo "2247"]
[BlackElo "2279"]

1.d4 Nf6 2.c4 g6 3.Nc3 Bg7 4.e4 d6 5.h3 O-O 6.Nf3 Na6 7.Bg5 Qe8
8.Be2 e5 9.d5 Nh5 10.Nh2 Nf4 11.Bf3 h6 12.Bh4 f5 13.O-O g5 14.Bg3
Qg6 15.Re1 Nc5 16.Bxf4 gxf4 17.b4 Nxe4 18.Nxe4 fxe4 19.Bxe4 Qg5
20.Qd3 a5 21.b5 b6 22.a4 Bd7 23.Ra3 Rf6 24.Nf3 Qh5 25.Kh2 Kh8
26.Qe2 Rg8 27.Nd2 Qf7 28.Bf3 Bf8 29.Ne4 Rfg6 30.Raa1 Be7 31.Rg1
Qf5 32.Nd2 R6g7 33.Be4 Qg5 34.Qf3 Qh4 35.Qd3 Qxf2 36.Raf1 Qh4
37.Bf5 Be8 38.Ne4 Bh5 39.g4 fxg3+ 40.Rxg3 Bg5 41.Kh1 Bf4 42.Rxg7
Rxg7 43.c5 bxc5 44.b6 cxb6 45.Qa6 Rg8 46.Qd3 Qe7 47.Be6 Rg7 48.Rb1
c4 49.Qf1 c3 50.Nxc3 Rg3 51.Ne4 Bf3+ 52.Qxf3 Rxf3 53.Rxb6 Be3
54.Rxd6 Qh4 0-1

[Event "WA  Championship"]
[Site "Seattle"]
[Date "2010.02.14"]
[Round "7"]
[White "Schill William"]
[Black "Pupols Viktors"]
[Result "1-0"]
[WhiteElo "2231"]
[BlackElo "2247"]

1.e4 e5 2.Nf3 Nc6 3.Bb5 a6 4.Ba4 d6 5.c3 f5 6.d4 fxe4 7.Ng5 Nf6
8.dxe5 h6 9.exf6 hxg5 10.fxg7 Bxg7 11.Qd5 Qf6 12.Bxc6+ bxc6 13.Qxc6+
Kf7 14.Qxa8 Re8 15.Qd5+ Kg6 16.Be3 c5 17.Nd2 Re5 18.Qc6 Bf5 19.Nc4
Re6 20.O-O-O Bf8 21.Rd5 Kh7 22.Rhd1 Bg4 23.R1d2 Bf5 24.Nxd6 1-0

[Event "WA  Championship"]
[Site "Seattle"]
[Date "2010.02.14"]
[Round "7"]
[White "Bragg David"]
[Black "Hadzic Huso"]
[Result "1-0"]
[WhiteElo "2200"]
[BlackElo "2162"]

1.d4 d5 2.c4 e6 3.g3 Nf6 4.Bg2 Be7 5.Nf3 O-O 6.O-O dxc4 7.Nbd2
c5 8.Nxc4 Nc6 9.dxc5 Qxd1 10.Rxd1 Bxc5 11.Nfe5 Ne7 12.Nd3 Bd4
13.e3 Bb6 14.a4 Bc7 15.a5 Rb8 16.b3 Ned5 17.Bb2 Bd7 18.e4 Ne7
19.Ba3 Rfe8 20.Bc5 a6 21.Nde5 Bb5 22.Bd6 Bxc4 23.Bxc7 Bxb3 24.Rdc1
Rbc8 25.Rab1 Ba4 26.Rxb7 Ng6 27.Nc6 h6 28.Na7 Ra8 29.e5 Nd5 30.Bd6
Rad8 31.f4 Rd7 32.Rxd7 Bxd7 33.Bxd5 exd5 34.Rc7 Bf5 35.Nc6 f6
36.Kf2 fxe5 37.fxe5 Rc8 38.Rxc8+ Bxc8 39.Ke3 Bb7 40.Nd8 Ba8 41.e6 1-0

[Event "WA  Championship"]
[Site "Seattle"]
[Date "2010.02.14"]
[Round "7"]
[White "Sinanan Joshua"]
[Black "Collyer Curt"]
[Result "0-1"]
[WhiteElo "2252"]
[BlackElo "2315"]

1.d4 d5 2.c4 c6 3.Nf3 Nf6 4.Nc3 a6 5.a4 e6 6.g3 dxc4 7.Bg2 c5
8.O-O Nc6 9.dxc5 Qxd1 10.Rxd1 Bxc5 11.Bg5 Bb4 12.a5 Nd5 13.Nxd5
exd5 14.Rxd5 Be6 15.Rdd1 f6 16.Bd2 O-O-O 17.Bxb4 Rxd1+ 18.Rxd1
Nxb4 19.Rd6 Bd7 20.Nd2 Bb5 21.Rd4 Nc2 22.Rd6 Kc7 23.Ne4 Re8 24.Rd2
Na1 25.Nd6 Rb8 26.Nxb5+ axb5 27.Rd5 Rd8 28.Rc5+ Kb8 29.Bd5 b4
30.Bxc4 Rd1+ 31.Kg2 Rc1 32.Rb5 Rxc4 33.a6 b6 34.Rxb6+ Ka7 35.Rb7+
Kxa6 36.Rxg7 Rc2 37.Rxh7 Rxb2 38.Rh6 Rxe2 39.Rxf6+ Kb5 40.h4
b3 41.Rf8 Re6 42.Rb8+ Rb6 43.Rd8 Nc2 44.Rd1 Kc5 45.h5 b2 46.g4
b1Q 47.Rxb1 Rxb1 48.h6 Kd5 49.Kg3 Ke6 50.f4 Kf6 0-1

[Event "WA  Championship"]
[Site "Seattle"]
[Date "2010.02.14"]
[Round "7"]
[White "Omori Michael"]
[Black "Greninger Harley"]
[Result "1/2-1/2"]
[WhiteElo "2048"]
[BlackElo "2202"]

1.e4 e6 2.d4 d5 3.Nc3 Bb4 4.e5 c5 5.Bd2 Ne7 6.Nb5 Bxd2+ 7.Qxd2
O-O 8.c3 Nbc6 9.f4 a6 10.Nd6 cxd4 11.cxd4 Qb6 12.O-O-O f6 13.Nf3
Bd7 14.Kb1 Nc8 15.Nxc8 Raxc8 16.exf6 gxf6 17.Be2 Nb4 18.Rc1 e5
19.g4 e4 20.Nh4 Bb5 21.Bxb5 Qxb5 22.Nf5 Rxc1+ 23.Rxc1 Qd3+ 24.Qxd3
Nxd3 25.Rc7 Nxf4 26.Rxb7 Re8 27.Nh6+ Kh8 28.Nf7+ Kg8 29.Nh6+
Kh8 1/2-1/2

[Event "WA  Championship"]
[Site "Seattle"]
[Date "2010.02.14"]
[Round "7"]
[White "Perez Ignacio"]
[Black "Chen Howard"]
[Result "0-1"]
[WhiteElo "2279"]
[BlackElo "2249"]

1.e4 c5 2.Nf3 d6 3.d4 cxd4 4.Nxd4 Nf6 5.Nc3 e6 6.g4 h6 7.Be3
Nc6 8.Be2 Be7 9.f4 Nd7 10.Nf3 a6 11.Qd2 b5 12.a3 Bb7 13.O-O-O
Qa5 14.Nd4 b4 15.Nxc6 Bxc6 16.Na2 Bxe4 17.Rhf1 Rc8 18.Nxb4 d5
19.Bd3 Bxd3 20.Nxd3 Qxd2+ 21.Bxd2 O-O 22.Rf3 Rc4 23.Bb4 Bxb4
24.axb4 Rfc8 25.Rd2 Nf6 26.Rg2 d4 27.b3 Rc3 28.Ne5 Nd5 29.Rxc3
dxc3 30.Nd3 Rb8 31.Rg3 Kf8 32.h3 Ke7 33.Kb1 Kd6 34.Ka2 f6 35.Ka3
e5 36.fxe5+ fxe5 37.Nc5 Rxb4 38.Rxc3 e4 39.Nxe4+ Rxe4 40.Rc8
Nc7 41.c4 Re8 42.Rxe8 Nxe8 43.b4 g5 44.Ka4 Nc7 45.Ka5 Kc6 46.Ka4
Ne6 47.Ka5 Nc7 48.Ka4 Ne6 49.Ka5 Kb7 50.c5 Nd4 51.Ka4 Nc6 52.Kb3
Kc7 53.Kc4 Nxb4 54.Kxb4 Kc6 55.Kc4 a5 56.Kd4 a4 57.Kc4 a3 0-1

[Event "WA  Championship"]
[Site "Seattle"]
[Date "2010.02.14"]
[Round "8"]
[White "Hadzic Huso"]
[Black "Sinanan Joshua"]
[Result "1-0"]
[WhiteElo "2162"]
[BlackElo "2252"]

1.e4 c5 2.Nf3 e6 3.d4 cxd4 4.Nxd4 Nc6 5.Nc3 Qc7 6.Be3 a6 7.Bd3
Nf6 8.O-O Ne5 9.Be2 Bb4 10.f4 Nc4 11.Bxc4 Qxc4 12.Qe2 Qxe2 13.Ndxe2
b5 14.a3 Be7 15.e5 Ng4 16.Bd4 f5 17.Nd1 Bb7 18.h3 Nh6 19.Ne3
Rc8 20.Rac1 g5 21.c4 gxf4 22.Nxf4 Kf7 23.cxb5 axb5 24.Rxc8 Rxc8
25.g3 Bc5 26.Bxc5 Rxc5 27.Nd3 Rc8 28.Rc1 Rxc1+ 29.Nxc1 Ke7 30.Nd1
Nf7 31.Nd3 Ng5 32.N1f2 h5 33.Kf1 Nf3 34.Ke2 h4 35.gxh4 Nxh4 36.Ke3
Ng6 37.Kd4 d6 38.b3 Bd5 39.a4 bxa4 40.bxa4 Kd7 41.a5 Bb7 42.Nd1
Ba6 43.N1b2 f4 44.exd6 Kxd6 45.Nc4+ Bxc4 46.Kxc4 e5 47.Nc5 Kc6
48.Ne4 f3 49.Nf2 Nf4 50.h4 Nh5 51.a6 Nf6 52.Kd3 e4+ 53.Kd4 Kb6
54.Nd1 Kxa6 55.Ke5 Ng4+ 56.Kxe4 f2 57.Nxf2 Nxf2+ 58.Kf5 Nh1 59.Kf4
Nf2 60.h5 Nd3+ 61.Kf5 Nc5 62.h6 Nb7 63.h7 1-0

[Event "WA  Championship"]
[Site "Seattle"]
[Date "2010.02.14"]
[Round "8"]
[White "Greninger Harley"]
[Black "Bragg David"]
[Result "1/2-1/2"]
[WhiteElo "2202"]
[BlackElo "2200"]

1.d4 b6 2.e4 Bb7 3.Nc3 e6 4.Nf3 Bb4 5.Bd3 Nf6 6.Qe2 d5 7.e5 Ne4
8.Bd2 Bxc3 9.bxc3 c5 10.Qe3 O-O 11.Bc1 f5 12.exf6 gxf6 13.O-O
Nd7 14.Nd2 f5 15.f3 cxd4 16.cxd4 f4 17.Qe1 Qf6 18.fxe4 Qxd4+
19.Kh1 Qxa1 20.exd5 Bxd5 21.c4 Nc5 22.Bxh7+ Kxh7 23.cxd5 exd5
24.Qh4+ Kg8 25.Qg5+ Qg7 26.Qxd5+ Qf7 27.Qg5+ Qg7 1/2-1/2

[Event "WA  Championship"]
[Site "Seattle"]
[Date "2010.02.14"]
[Round "8"]
[White "Pupols Viktors"]
[Black "Omori Michael"]
[Result "0-1"]
[WhiteElo "2247"]
[BlackElo "2048"]

1.d4 Nf6 2.c4 g6 3.Nc3 Bg7 4.e4 d6 5.Be2 O-O 6.Nf3 e5 7.O-O Na6
8.dxe5 dxe5 9.h3 c6 10.Be3 Qe7 11.Qc2 Nh5 12.Rfe1 Nf4 13.Bf1
Ne6 14.Rad1 f5 15.exf5 gxf5 16.a3 Nac7 17.b4 e4 18.Nd4 f4 19.Nxe6
Nxe6 20.Bc1 e3 21.Bb2 Nd4 22.Qe4 exf2+ 23.Kxf2 Qh4+ 24.Kg1 Bf5
25.Qe7 Bf6 26.Qxb7 f3 27.Re3 Qg3 28.Nd5 Ne2+ 29.Bxe2 Qxg2# 0-1

[Event "WA  Championship"]
[Site "Seattle"]
[Date "2010.02.14"]
[Round "8"]
[White "Perez Ignacio"]
[Black "Schill William"]
[Result "0-1"]
[WhiteElo "2279"]
[BlackElo "2231"]

1.d4 Nf6 2.c4 g6 3.Nc3 Bg7 4.e4 d6 5.f3 a6 6.Be3 c6 7.Qd2 b5
8.Bh6 Bxh6 9.Qxh6 e5 10.O-O-O Qe7 11.dxe5 dxe5 12.Kb1 Be6 13.g4
Nbd7 14.Nh3 Bxc4 15.Bxc4 bxc4 16.Rd2 O-O-O 17.Rhd1 Nc5 18.Qe3
Rxd2 19.Rxd2 Rd8 20.Rxd8+ Kxd8 21.Nf2 Qd6 22.Kc2 Qd4 23.Ncd1
Ne8 24.Qc3 Nc7 25.Ne3 Nb5 26.Qd2 Kc7 27.Nf1 Kb6 28.Nd1 Nd3 29.Nc3
Nb4+ 30.Kd1 Nd3 31.Kc2 Nc5 32.Kd1 Qg1 33.Qe2 Nxc3+ 34.bxc3 Nd3
35.Qe3+ Qxe3 36.Nxe3 Kc5 37.g5 Nf2+ 38.Ke2 Nh3 39.Ng4 Kd6 40.Ne3
Nxg5 41.Nxc4+ Ke6 42.Na5 Kd7 43.Nc4 f6 44.Nd2 Ne6 45.Kd3 h5 46.Kc4
g5 47.Kb4 Kc7 48.Ka5 Nc5 49.Kb4 Nb7 50.Nf1 a5+ 51.Kc4 Nd6+ 52.Kd3
Kd7 53.Ng3 h4 54.Nf1 Ke6 55.Nd2 f5 56.Nb3 fxe4+ 57.fxe4 Nb7 58.Ke3
g4 59.Nd2 Nc5 60.Nc4 a4 61.Nb2 a3 62.Nc4 Na4 63.Nxa3 Nxc3 64.Nc4
Nxa2 65.Kf2 Nc3 66.Nd2 Kf6 67.Kg2 Kg5 68.h3 Kf4 69.hxg4 Nxe4
70.Nc4 Ng5 71.Na5 c5 72.Nb3 c4 0-1

[Event "WA  Championship"]
[Site "Seattle"]
[Date "2010.02.14"]
[Round "8"]
[White "Chen Howard"]
[Black "Collyer Curt"]
[Result "1-0"]
[WhiteElo "2249"]
[BlackElo "2315"]

1.e4 e6 2.d4 d5 3.Nd2 Nc6 4.Ngf3 Nf6 5.e5 Nd7 6.c3 f6 7.Bb5 fxe5
8.dxe5 Be7 9.O-O O-O 10.Re1 Qe8 11.Nf1 Qf7 12.Qc2 a5 13.Bd3 g6
14.Bh6 Re8 15.Ng3 b6 16.Bb5 Na7 17.Bf1 Bf8 18.Bxf8 Rxf8 19.Re3
Nc6 20.h4 Qg7 21.Rae1 Bb7 22.Qa4 Rf7 23.Qg4 Re7 24.h5 Rf8 25.hxg6
Qxg6 26.Qh4 Rg7 27.Nh5 Qg4 28.Nxg7 Qxh4 29.Nxh4 Kxg7 30.Bd3 Rf4
31.Rg3+ Kh8 32.Nf3 Nc5 33.Bc2 Ne7 34.Rh3 Nf5 35.Ng5 Ne4 36.Bxe4
dxe4 37.Rd1 Bd5 38.c4 e3 39.fxe3 Rxc4 40.e4 1-0

[Event "WA  Championship"]
[Site "Seattle"]
[Date "2010.02.15"]
[Round "9"]
[White "Schill William"]
[Black "Chen Howard"]
[Result "0-1"]
[WhiteElo "2231"]
[BlackElo "2249"]

1.e4 c5 2.Nf3 d6 3.d4 cxd4 4.Nxd4 Nf6 5.Nc3 e6 6.Be2 Nc6 7.Be3
Be7 8.O-O O-O 9.f4 Bd7 10.Qe1 Nxd4 11.Bxd4 Bc6 12.Qg3 g6 13.Bf3
b5 14.Rad1 b4 15.e5 Bxf3 16.Qxf3 bxc3 17.exf6 Bxf6 18.Qxc3 Bxd4+
19.Qxd4 d5 20.c4 dxc4 21.Qxc4 Qb6+ 22.Qd4 Qa5 23.a3 Rfd8 24.Qf6
Rd2 25.Rxd2 Qxd2 26.h4 Rc8 27.Rf3 Rc2 28.Rg3 Rxb2 29.Kh2 h5 30.Qc3
Qxc3 31.Rxc3 Ra2 32.Kg3 Kf8 33.Kf3 a6 34.g4 hxg4+ 35.Kxg4 Ra1
36.Rg3 Rc1 37.h5 gxh5+ 38.Kxh5 Rc4 39.Kg5 Ra4 40.Rb3 Kg7 41.Rf3
Rc4 42.Rg3 Kf8 43.Rb3 Ra4 44.Rc3 Rd4 45.Rb3 Kg7 46.Rf3 Rc4 47.Rg3
Rc5+ 48.Kg4 Ra5 49.Re3 Kg6 50.Rc3 Ra4 51.Re3 Rc4 52.Kf3 Rc1 53.Kg4
Rc5 54.Rb3 Rb5 55.Rc3 Kf6 56.Rc6 Ra5 57.Rc3 Ra4 58.Kf3 Kf5 59.Rc5+
Kg6 60.Rc3 f6 61.Kg3 Kf5 62.Rc5+ e5 63.fxe5 Rxa3+ 0-1

[Event "WA  Championship"]
[Site "Seattle"]
[Date "2010.02.15"]
[Round "9"]
[White "Collyer Curt"]
[Black "Hadzic Huso"]
[Result "1-0"]
[WhiteElo "2315"]
[BlackElo "2162"]

1.d4 d5 2.c4 e6 3.Nc3 Nf6 4.cxd5 exd5 5.Bg5 Be7 6.e3 c6 7.Bd3
h6 8.Bf4 Bd6 9.Bg3 Qe7 10.Nge2 Nbd7 11.O-O O-O 12.Bc2 Re8 13.Qd3
Nf8 14.Bxd6 Qxd6 15.f3 c5 16.Rac1 b6 17.Ng3 cxd4 18.Qxd4 Qc5
19.Qxc5 bxc5 20.Kf2 Rb8 21.b3 d4 22.exd4 cxd4 23.Nce4 Nd5 24.Rfd1
Ne6 25.Nf5 Nb4 26.Ned6 Rd8 27.Ne7+ Kf8 28.Nexc8 Nxa2 29.Ra1 Nc3
30.Rd2 Rbxc8 31.Nxc8 Rxc8 32.Bf5 Nb5 33.Ra5 Rb8 34.Bxe6 fxe6
35.Ke2 Ke7 36.Kd3 e5 37.Rc2 Rb6 38.Rc5 a6 39.Rxe5+ Kd6 40.Re8
Rc6 41.Rg8 Kc5 42.Ra4 Re6 43.Rxg7 Re3+ 44.Kc2 Re2+ 45.Kd3 Re3+
46.Kd2 Rxb3 47.Rxa6 Rb2+ 48.Kc1 Rf2 49.Kd1 Rb2 50.Ke1 d3 51.Rd7
Nd4 52.Rad6 d2+ 53.Kd1 Nb3 54.Rxd2 1-0

[Event "WA  Championship"]
[Site "Seattle"]
[Date "2010.02.15"]
[Round "9"]
[White "Sinanan Joshua"]
[Black "Greninger Harley"]
[Result "0-1"]
[WhiteElo "2252"]
[BlackElo "2202"]

1.d4 d5 2.c4 c6 3.Nf3 Nf6 4.Nc3 e6 5.Bg5 dxc4 6.e4 b5 7.e5 h6
8.Bh4 g5 9.Nxg5 hxg5 10.Bxg5 Be7 11.exf6 Bxf6 12.Be3 Bb7 13.Ne4
Be7 14.Qd2 Na6 15.O-O-O Qd5 16.Nc3 Qf5 17.Qc2 Qxc2+ 18.Kxc2 O-O-O
19.Be2 Nb4+ 20.Kb1 c5 21.dxc5 Bxg2 22.Rxd8+ Bxd8 23.Rg1 Bc6 24.a3
Nd5 25.Nxd5 Bxd5 26.Bf4 Bf6 27.Rd1 Kb7 28.b3 Kc6 29.bxc4 bxc4
30.Bd6 Rh3 31.Bg3 Kxc5 32.f3 Bd4 33.Kc2 e5 34.Bf1 Rh8 35.Bg2
f5 36.Rh1 f4 37.Be1 Rg8 38.Bb4+ Kc6 39.Bf1 Bxf3 40.Bxc4 Rg2+ 0-1

[Event "WA  Championship"]
[Site "Seattle"]
[Date "2010.02.15"]
[Round "9"]
[White "Bragg David"]
[Black "Pupols Viktors"]
[Result "0-1"]
[WhiteElo "2200"]
[BlackElo "2247"]

1.d4 Nf6 2.c4 e6 3.g3 d5 4.Bg2 Nbd7 5.Nf3 dxc4 6.O-O Rb8 7.a4
b6 8.Nc3 Bb7 9.Qc2 c5 10.Bf4 Rc8 11.Nb5 cxd4 12.Nxa7 Rc5 13.b4
cxb3 14.Qxb3 Be7 15.Rfd1 Qa8 16.Nb5 e5 17.Bxe5 Bd5 18.Qb4 Nxe5
19.Nxe5 Bxg2 20.f3 O-O 21.Qxd4 Bh3 22.Nd3 Be6 23.Kf1 Rc4 24.Qxb6
Rxa4 25.Rab1 Nd5 26.Qf2 Ra2 27.Qd4 Bf6 28.Qe4 Ra4 29.Nb4 Rxb4
30.Rxb4 Nxb4 31.Qxb4 Qb7 0-1

[Event "WA  Championship"]
[Site "Seattle"]
[Date "2010.02.15"]
[Round "9"]
[White "Omori Michael"]
[Black "Perez Ignacio"]
[Result "1-0"]
[WhiteElo "2048"]
[BlackElo "2279"]

1.e4 d6 2.d4 g6 3.Nc3 Bg7 4.f4 Nd7 5.Nf3 c5 6.Bb5 cxd4 7.Nxd4
a6 8.Bxd7+ Bxd7 9.Be3 Nh6 10.h3 O-O 11.Qd2 f5 12.O-O-O Rc8 13.g4
e5 14.fxe5 f4 15.Bxf4 Rxf4 16.e6 Be5 17.exd7 Qxd7 18.Kb1 Nf7
19.Rhf1 Rxf1 20.Rxf1 Rc4 21.Nde2 Qc6 22.Qd5 Qxd5 23.exd5 Ng5
24.Rh1 Ne4 25.Nd1 Rc5 26.Ne3 Nf2 27.Rf1 Nxh3 28.c3 Kg7 29.Kc2
Rc7 30.a4 h6 31.Kd3 Kh7 32.Nc4 Re7 33.b4 g5 34.Ne3 Nf4+ 35.Nxf4
Bxf4 36.Nf5 Re5 37.c4 h5 38.Rh1 h4 39.Nxd6 Re3+ 40.Kd4 Rb3 41.Nxb7
Rxb4 42.Nc5 Rb2 43.Ne6 Rg2 44.Ke4 Rxg4 45.Kf5 Rg2 46.Nxf4 gxf4
47.Rxh4+ Kg7 48.Rxf4 Kf7 49.Ke5+ Ke7 50.c5 Re2+ 51.Re4 Ra2 52.d6+
Kd7 53.Kd5 Rd2+ 54.Rd4 Rc2 55.Rb4 Rd2+ 56.Kc4 Rc2+ 57.Kd4 Rd2+
58.Kc3 Rd1 59.Rd4 Rc1+ 60.Kb4 Rb1+ 61.Ka5 Rb8 62.Rb4 Rh8 63.Rb7+
Kc8 1-0

[Event "WA  Premier"]
[Site "Seattle"]
[Date "2010.02.06"]
[Round "1"]
[White "Sang Tian"]
[Black "McMillan Charles"]
[Result "1-0"]
[WhiteElo "2130"]
[BlackElo "2068"]

1.e4 c5 2.Nf3 d6 3.d4 cxd4 4.Nxd4 Nf6 5.Nc3 a6 6.Be3 e6 7.Qd2
b5 8.f3 Nbd7 9.g4 Nb6 10.a3 Bb7 11.O-O-O Nfd7 12.Kb1 Rc8 13.Nb3
Be7 14.Be2 O-O 15.h4 Ne5 16.Na5 Nbc4 17.Nxc4 Nxc4 18.Bxc4 Rxc4
19.Bg5 Bf6 20.Bxf6 Qxf6 21.Qxd6 Qxf3 22.Qe7 h5 23.Qxb7 hxg4 24.Rhf1
Qh3 25.Qe7 g3 26.Qg5 b4 27.axb4 Rxb4 28.Rf3 Qh2 29.Qxg3 Qxg3
30.Rxg3 Rfb8 31.b3 a5 32.Kc1 a4 33.bxa4 Rc4 34.Rd7 Kf8 35.Rf3
f6 36.Kd2 Rbc8 37.Rfd3 R8c5 38.R7d4 Ke7 39.Rxc4 Rxc4 40.Kc1 g5
41.hxg5 fxg5 42.Kb2 Kf6 43.Kb3 Rc8 44.a5 Ke5 45.Ka4 g4 46.a6
Kf4 47.Ka5 g3 48.Ne2+ Kxe4 49.Nxg3+ Kf4 50.Ne2+ 1-0

[Event "WA  Premier"]
[Site "Seattle"]
[Date "2010.02.06"]
[Round "1"]
[White "Warrier Vishnu"]
[Black "Bartron Paul"]
[Result "1/2-1/2"]
[WhiteElo "1913"]
[BlackElo "2096"]

1.f4 g6 2.Nf3 d5 3.e3 Bg7 4.Be2 c5 5.O-O Nc6 6.d3 Nh6 7.Nc3 O-O
8.e4 d4 9.Nb1 f5 10.e5 e6 11.Na3 Nf7 12.Qe1 a6 13.Bd2 b5 14.c4
b4 15.Nc2 Bb7 16.b3 g5 17.g3 g4 18.Nh4 Qc7 19.Qf2 Ne7 20.h3 Qc6
21.Qh2 h5 22.hxg4 hxg4 23.Rfe1 Nh8 24.Bf1 Qc7 25.Bg2 Nhg6 26.Bxb7
Qxb7 27.Nxg6 Nxg6 28.Qg2 Qxg2+ 29.Kxg2 Kf7 30.Rh1 Rh8 31.Rxh8
Rxh8 32.a3 bxa3 33.Rxa3 Rb8 34.b4 Bf8 35.Ra4 Be7 36.Be1 Nf8 37.Kf1
Nd7 38.Ke2 Rb6 39.bxc5 Nxc5 40.Rb4 Rxb4 41.Bxb4 Nb3 42.Bxe7 Kxe7 1/2-1/2

[Event "WA  Premier"]
[Site "Seattle"]
[Date "2010.02.06"]
[Round "1"]
[White "Dean Randy"]
[Black "MacGregor Michael"]
[Result "1-0"]
[WhiteElo "2095"]
[BlackElo "2176"]
[Annotator "Dean Randy"]

1.e4 e5 2.Nf3 Nc6 3.Bb5 a6 4.Ba4 f5 {!?} {
The Schliemann Deferred.  The major difference from the Schliemann (without
...a6) is that 5.Nc3?! is met by 5...b5 6.Bb3 b4, when White drops his e-pawn.
After 7.Nd5 fe, White can make like a Muzio Gambit with 8.d4!? or 8.O-O.}
5.d4 exd4 6.e5 {(!)} {
Does everyone know Tarrasch's comment on the Falkbeer Countergambit?  After
1.e4 e5 2.f4 d5 3.ed e4, he wrote, "Itis impossible tosee what the White pawn
is doing on f4."  Similarly, in this Lopez position, what is the Black pawn
doing on f5?  Black's first task is to get castled and White tries to prevent him.}
Bc5 7.O-O Nge7 8.c3 {!} {This is a dangerous gambit, either to accept or to decline!}
d5 9.exd6 {White plays to open the game, rightly or wrongly, as 9.cd also looked pretty darn good!}
Qxd6 10.cxd4 Ba7 11.Nc3 {!?} b5 {Probably Black has to castle here.  The impulse to grab on d4, although, in principle, admirable, is just asking for too much!}
12.Bb3 Bxd4 13.Qe2 {!} {Avoids the possible trade of Queens and pins the e7-Knight, introducing the additional threats of Nd5 and Rd1.  It's lost now.}
Bxc3 14.bxc3 Bb7 15.Rd1 Qc5 ( 15...Qg6 16.Ng5 {is also no fun.} )
16.Qe6 {Because if 16...Nd8, then 17.Qd7+ and 18.Qxd8+ followed by mate.} 1-0

[Event "WA  Premier"]
[Site "Seattle"]
[Date "2010.02.06"]
[Round "1"]
[White "Wang Michael"]
[Black "Xing Kerry"]
[Result "1-0"]
[WhiteElo "2079"]
[BlackElo "2110"]

1.c4 f5 2.Nf3 Nf6 3.g3 g6 4.Bg2 Bg7 5.Nc3 O-O 6.O-O d6 7.d4 Qe8
8.b3 Na6 9.Ba3 c6 10.Qd3 Rb8 11.Rac1 b5 12.cxb5 cxb5 13.b4 e5
14.dxe5 dxe5 15.e4 f4 16.Qd6 Nh5 17.Nd5 Bb7 18.Ng5 Rd8 19.Qe6+
Kh8 20.Nc7 Nxc7 21.Rxc7 Bc8 22.Qxe8 Rdxe8 23.Nf7+ Kg8 24.Nd6
Rd8 25.Nxc8 Rxc8 26.Rxa7 Rc2 27.g4 Nf6 28.Rc1 Rfc8 29.Rxc2 Rxc2
30.g5 Ng4 31.Bh3 Nxf2 32.Be6+ Kf8 33.Rf7+ Ke8 34.Rxg7 Nxe4 35.Bb3
Re2 36.Bd5 Nxg5 37.Bc6+ Kf8 38.Ra7 f3 39.Bxb5 Nh3+ 40.Kf1 Rxa2
41.Ke1 Ra1+ 42.Kd2 f2 43.Bc4 f1Q {(d)} 44.Bxf1 Rxf1 45.b5+ Ke8
46.b6 Rb1 47.b7 Ng5 48.Kc2 Rb5 49.Bd6 Nf3 50.b8Q+ Rxb8 51.Bxb8
h5 52.Kd3 Nxh2 53.Bxe5 Ng4 54.Ke4 h4 55.Kf4 Nf2 56.Rh7 h3 57.Kg5 1-0

[Event "WA  Premier"]
[Site "Seattle"]
[Date "2010.02.06"]
[Round "1"]
[White "Kelley Dereque"]
[Black "Watts Peter"]
[Result "1-0"]
[WhiteElo "2156"]
[BlackElo "1909"]

1.d4 Nf6 2.c4 g6 3.Nc3 Bg7 4.e4 d6 5.Nf3 O-O 6.Be2 e5 7.O-O Na6
8.Re1 Qe8 9.Bf1 Bg4 10.d5 Nh5 11.Rb1 f5 12.h3 Bxf3 13.Qxf3 Nc5
14.b4 fxe4 15.Qe3 Nd3 16.Bxd3 exd3 17.Qxd3 h6 18.Be3 b6 19.c5
dxc5 20.bxc5 Qf7 21.d6 bxc5 22.dxc7 Kh7 23.Bxc5 Nf4 24.Qe4 Rg8
25.Bd6 Rac8 26.Rb7 Ne6 27.Nd5 Qd7 28.Bxe5 Nc5 29.Qd4 Qc6 30.Bxg7
Nxb7 31.Nf6+ Kxg7 32.Nh5+ Kh7 33.Re7+ 1-0

[Event "WA  Premier"]
[Site "Seattle"]
[Date "2010.02.06"]
[Round "2"]
[White "Xing Kerry"]
[Black "Warrier Vishnu"]
[Result "1-0"]
[WhiteElo "2110"]
[BlackElo "1913"]

1.d4 Nf6 2.c4 c5 3.d5 b5 4.cxb5 a6 5.bxa6 g6 6.Nc3 Bxa6 7.e4
Bxf1 8.Kxf1 d6 9.g4 Bg7 10.Kg2 Qb6 11.g5 Nfd7 12.Nge2 Na6 13.Rb1
O-O 14.b3 f5 15.gxf6 Rxf6 16.Bg5 Rf7 17.Rf1 Raf8 18.Qd2 Ne5 19.f4
h6 20.fxe5 hxg5 21.e6 Rxf1 22.Rxf1 Rxf1 23.Kxf1 Bf6 24.Nd1 Qd8
25.Nf2 Qf8 26.Kg2 Nc7 27.a4 Qb8 28.Qe3 Qb4 29.Ng1 c4 30.bxc4
Qxc4 31.a5 Nxd5 32.exd5 Qxd5+ 33.Qe4 Qxa5 34.Qxg6+ Kh8 35.Qe4
Qa2 36.Nf3 d5 37.Qe3 g4 38.Qh6+ 1-0

[Event "WA  Premier"]
[Site "Seattle"]
[Date "2010.02.06"]
[Round "2"]
[White "McMillan Charles"]
[Black "MacGregor Michael"]
[Result "0-1"]
[WhiteElo "2068"]
[BlackElo "2176"]

1.e4 e5 2.Nf3 Nc6 3.Bb5 a6 4.Ba4 Nf6 5.O-O Be7 6.Re1 b5 7.Bb3
O-O 8.c3 d6 9.h3 Na5 10.Bc2 c5 11.d3 Qc7 12.Nbd2 h6 13.Nf1 Re8
14.Ng3 Bf8 15.a4 Bd7 16.Nh2 b4 17.Ng4 Nxg4 18.hxg4 g6 19.Re3
Bg7 20.Bd2 bxc3 21.bxc3 Rab8 22.Nf5 gxf5 23.exf5 d5 24.Rh3 Qd6
25.Rh5 c4 26.Bxh6 Bxh6 27.g5 Bg7 28.dxc4 Nxc4 29.f6 Bxf6 30.gxf6
Qxf6 31.Qxd5 Be6 32.Qe4 Red8 33.Bd3 Rb2 34.Bxc4 Bxc4 35.Rxe5
Qxf2+ 36.Kh1 Bd3 37.Qg4+ Bg6 38.Qg5 Kg7 0-1